Hypotéza finanční nestability Hymana Minskyho
Charakteristrika hypotézy finančnej nestability. Postuláty Minskyho hypotézy. Dynamika krízy podľa Minskyho. Súčasná finančná kríza a Hyman Minsky.
Gespeichert in:
| 1. Verfasser: | |
|---|---|
| Format: | Buchkapitel |
| Sprache: | Tschechisch |
| Schlagworte: | |
| Tags: |
Keine Tags, Fügen Sie das erste Tag hinzu!
|
MARC
| LEADER | 00000naa a2200000 4500 | ||
|---|---|---|---|
| 001 | 0178555 | ||
| 005 | 20220519113422.3 | ||
| 041 | 0 | |a cze | |
| 044 | |a CZ | ||
| 245 | 1 | 0 | |a Hypotéza finanční nestability Hymana Minskyho |c Vadim Beneš |
| 520 | |a Charakteristrika hypotézy finančnej nestability. Postuláty Minskyho hypotézy. Dynamika krízy podľa Minskyho. Súčasná finančná kríza a Hyman Minsky. | ||
| 610 | 2 | 0 | |a cykly hospodárske |
| 610 | 2 | 0 | |a kríza finančná |
| 610 | 2 | 0 | |a nerovnováha hospodárska |
| 610 | 2 | 0 | |a teórie ekonomické |
| 100 | 1 | |a Beneš, Vadim | |